| 000 | 00411nam a2200169Ia 4500 | ||
|---|---|---|---|
| 001 | 12097 | ||
| 005 | 20260306162916.0 | ||
| 008 | 260306t9999||||xx |||||||||||||| ||spa|| | ||
| 041 | _aESP | ||
| 082 |
_aHR 340 _bMAY 2025 DJ |
||
| 100 |
_aGaceta Jurídica _eAUT |
||
| 245 | 0 | _aDiálogo con la jurisprudencia, Mayo 2025 n° 320 | |
| 300 |
_a _c |
||
| 650 | _aGEN | ||
| 654 | _aCDE | ||
| 942 |
_cREV _dJUS _fJUS _2ddc _n |
||
| 999 |
_c12097 _d12097 |
||